00697 a2200145 4500003000500000005001700005040000900022082001700031100002400048245008900072260003400161300001100195505031100206650003400517Nust20221128161852.0 cNust a621.3815,LOW aLowenberg, Edwin C. aSchaum's outline of theory and problems of electronic circuits /cEdwin C. Lowenberg aNew YorkbMcGraw Hill cc1967 a274 p. aIntroduction (Page-1), One Port Electronic Control Devices (Page-10), Diode Applications (Page-32), General Two Port Networks (Page-50), Two Port Electronic Control Devices-I (Page-68), Two Port Electronic Control Devices-II (Page-121), Linear Amplifiers (Page-168), Electronic Amplifier Topics (Page-228). aTelecommunication engineering